|
|
|
|
| LEADER |
00000nam0a2200000 4500 |
| 001 |
44505 |
| 005 |
20231031022338.0 |
| 010 |
|
|
|a 5318007619
|
| 035 |
|
|
|a (RuTPU)RU\TPU\book\46222
|
| 090 |
|
|
|a 44505
|
| 100 |
|
|
|a 20021119d2002 km y0rusy50 ca
|
| 101 |
0 |
|
|a rus
|
| 102 |
|
|
|a RU
|
| 105 |
|
|
|a a z 001zy
|
| 200 |
1 |
|
|a Современные бизнес-коммуникации
|a Стандартные положения об отделах. Формы переписки. Делопроизводство
|f В. А. Спивак
|
| 210 |
|
|
|a СПб.
|c Питер
|d 2002
|
| 215 |
|
|
|a 448 с.
|c ил.
|
| 225 |
1 |
|
|a Теория и практика менеджмента
|
| 320 |
|
|
|a Имен., предм. указ.: с. 431-447.
|
| 610 |
1 |
|
|a экономика
|
| 610 |
1 |
|
|a бизнес
|
| 610 |
1 |
|
|a коммуникации
|
| 610 |
1 |
|
|a бизнес-коммуникации
|
| 610 |
1 |
|
|a психология
|
| 610 |
1 |
|
|a управление
|
| 610 |
1 |
|
|a устные коммуникации
|
| 610 |
1 |
|
|a визуальные коммуникации
|
| 610 |
1 |
|
|a письменные коммуникации
|
| 610 |
1 |
|
|a организационно-распорядительная документация
|
| 610 |
1 |
|
|a документация
|
| 610 |
1 |
|
|a документы
|
| 610 |
1 |
|
|a документооборот
|
| 610 |
1 |
|
|a делопроизводство
|
| 610 |
1 |
|
|a персонал
|
| 686 |
|
|
|a У9(2)212.8
|v LBC/SL-A
|2 rubbk
|
| 700 |
|
1 |
|a Спивак
|b В. А.
|g Владимир Александрович
|
| 801 |
|
1 |
|a RU
|b 63413507
|c 20021119
|g PSBO
|
| 801 |
|
2 |
|a RU
|b 63413507
|c 20121011
|g PSBO
|
| 900 |
|
|
|a Психология массовой коммуникации
|
| 900 |
|
|
|a Бизнес-коммуникации
|
| 942 |
|
|
|c BK
|